[Деветдесет и девет] 99 златни митове и легенди от цял свят (Запис номер 189698)
[ съкратено ]
| 000 -Лидер | |
|---|---|
| Контролно поле с фиксирана дължина | 01757nam a2200397 c 4500 |
| 003 - Код на организацията, давaща контролен номер | |
| Контролно поле | BLK |
| 005 - Дата и час на последна редакция | |
| Контролно поле | 20241127173629.0 |
| 008 - Елементи от данни с фиксирана дължина | |
| fixed length control field | 180411b bul|||||r ||||||| ||bul|| |
| 010 ## - Наследен системен номер | |
| LC control number | KNG00198744000 |
| 020 ## - Международен стандартен номер на книга ISBN | |
| Международен стандартен номер на книга ISBN | 978-954-459-795-5 |
| -- | издат.: Хермес |
| 040 ## - Източник на каталожния запис | |
| Идентификатор на билиотеката - собственик на записа | BLK |
| 041 ## - Код за език | |
| Код за езика на текст/звукозапис или на отделно заглавие | Български |
| Код за езика КДБФ | Български |
| 072 #7 - Код за тематичната категория | |
| Код организация | bullib |
| Код за тематична категория | Н83 |
| Текст | Чужда художествена литература Н |
| 080 ## - УДК | |
| Текстов определител УДК | Английска литература |
| УДК код - определител по УДК | 821.111 |
| УДК определител | -91-34 |
| УДК - код + определител | 821.111-91-34 |
| 100 1# - Редна дума - Автор | |
| Автор | Маккориън, Джералдин |
| Авторска отговорност | първи автор |
| R(LIN) | 91292 |
| 139 ## - Редно поле | |
| Редна дума | Маккориън, Джералдин |
| Авторски знак | Мак - М 19 |
| 245 10 - Сведения за заглавието | |
| Заглавие | [Деветдесет и девет] 99 златни митове и легенди от цял свят |
| Редно поле (дума) | Джералдин Маккориън; прев. Маргарита Месроб Дограмаджян; ил. Борис Стоилов. |
| 250 ## - Област на изданието | |
| Сведения за изданието | 2. изд. |
| 257 ## - Страна на издаване | |
| Страна на създаване/издаване | Великобритания |
| 260 ## - Област на издателските данни | |
| -- | Пловдив |
| Име на издателя, разпространителя и проч. | Хермес |
| Година на издаване | 2015 |
| Печатница | София : Алианс принт |
| 300 ## - Физическа характеристика | |
| Страници | 415 с. |
| Размери/Мащаб | 24 см |
| 380 ## - Жанр | |
| Жанр | Худож. лит. |
| 490 1# - СЕРИИ (Колекции) | |
| Име на серия | Имало едно време |
| 500 ## - Общи забележки | |
| Забележка | 1. изд. 2000. - Ориг. загл. Golden Myths and Legends of the World ; Silver Myths and Legends of the World / Geraldine McCaughrean. - Офс. изд. |
| 653 ## - Ключова дума – ненормативна | |
| Ключова дума | митове |
| 653 ## - Ключова дума – ненормативна | |
| Ключова дума | легенди |
| 659 ## - Тематичен бюлетин | |
| Тематичен бюлетин | Н |
| 700 1# - Други автори (авторска отговорност) | |
| Лично име | Дограмаджян, Маргарита Месроб |
| Автороска отговорност (Описва отношението между автора и произведението) | прев. |
| 9 (RLIN) | 63864 |
| 700 1# - Други автори (авторска отговорност) | |
| Лично име | Стоилов, Борис |
| Автороска отговорност (Описва отношението между автора и произведението) | ил. |
| 9 (RLIN) | 363618 |
| 852 ## - Местоположение | |
| Форматна сигнатура | Цб 283811 |
| 856 4# - Електронен адрес и достъп | |
| Електронен формат | pdf - файл |
| Път до файла /url/ | |
| 856 4# - Електронен адрес и достъп | |
| Електронен формат | pdf - файл |
| Път до файла /url/ | |
| 942 ## - АРТИКУЛИ | |
| Вид на библиотечния материал | Книги |
| Скрит в OPAC | Не |
| Koha issues (borrowed), all copies | 5 |
| 944 ## - СЪЗДАВАНЕ И РЕДАКЦИЯ на ЗАПИСА | |
| Създаване/Редакция | Създаване |
| Дата на регистрацията/редакция | 23.12.2016 |
| Статус, дата на статуса | Бояна Костадинова |
| Служител, извършил регистрацията/редакцията | 30551 |
| 944 ## - СЪЗДАВАНЕ И РЕДАКЦИЯ на ЗАПИСА | |
| Създаване/Редакция | Редакция |
| Дата на регистрацията/редакция | 24.02.2017 |
| Статус, дата на статуса | ф / |
| Служител, извършил регистрацията/редакцията | Людмила_Стоянова |
| 999 ## - СИСТЕМНИ КОНТРОЛНИ НОМЕРА | |
| Koha biblionumber | 189698 |
| Koha biblioitemnumber | 189698 |
| Код за отписване | Код за изгубен артикул | Код за повреда | Коз за рестрикции | Код за отдаване | Артикулен № | Име на библиотеката - собственик | Име на библиотеката, в която се намира в момента | Статус (Текущо местоположение) | Дата на вписване в системата | Местоположение - отдел | Цена в лева | Инвентарен номер | Систематично азбучна сигнатура | Баркод | Номер на екземпляра | Цена в евро | Служебна бележка | Служебен тип на артикула | Източник на класификационната схема |
|---|---|---|---|---|---|---|---|---|---|---|---|---|---|---|---|---|---|---|---|
| Не е изгубен | Не е повреден | без рестрикции | заемане за дома | 333853 | Регионална библиотека "Любен Каравелов" Русе | Регионална библиотека "Любен Каравелов" Русе | Детски отдел | 2016-12-29 | Детски отдел | 9.95 | 120000807238 | ДХ 820/899/М | 120000807238 | 1 | 5.09 | Дост: Dp Вид: Г N: 46 Дата: 29.12.2016 | Книги | ||
| Не е изгубен | Не е повреден | без рестрикции | заемане за дома | 729847 | Регионална библиотека "Любен Каравелов" Русе | Регионална библиотека "Любен Каравелов" Русе | Детски отдел | 2019-07-11 | Детски отдел | 7.99 | ДХ 820/899/М 19 Д | 120000833517 | 4.09 | Книги | Universal Decimal Classification |